Top Ten Basketball Shoes (Ever) - Statistics

General Stats
  • This quiz has been taken 38 times
  • The average score is 2 of 10
Answer Stats
Starts With... Answer % Correct
"A" Air Jordan XI
66%
"A" Air Jordan XIII
50%
"N" Nike Air Jordan I
38%
"C" Converse Weapon
16%
"N" Nike Air Force One
16%
"C" Converse Chuck Taylor All-Stars
6%
"A" Air Penny II
3%
"N" Nike Air Zoom Huarachie 2K4
3%
"N" Nike Zoom Kobe IV
3%
"R" Reebok The Question
3%
No matching quizzes found
Score Distribution
Percent of People with Each Score
Percentile by Number Answered
Your Score History
You have not taken this quiz